000 02095nam0a2200397 4500
001 RU\NLR\BIBL_A\022309820
005 20260420013945.0
010 _a978-5-6050774-4-2
_93000
021 _aRU
_bКН-П-24-041781
_9КН-П-24-4139
035 _a(NLR Aleph) 022309820
090 _a13664061
_c13664061
100 _a20240829d2024 u y0rusy50 ca
101 0 _arus
102 _aRU
105 _aabchj 000zy
181 0 _ai3
_baxxe
181 0 _ab1
_bxb2e
182 0 _an
200 1 _aЛевша
_eсказ о тульском косом левше и о стальной блохе
_eподробный иллюстрированный комментарий
_e[учебное пособие]
_fНиколай Лесков
_gиллюстрации Н. В. Кузьмина
_gтекст комментариев, подбор иллюстраций Оксана Баринова
203 _aТекст
_aИзобраэение
_bвизуальные
_cнепосредственные
210 _aМосква
_cПроспект
_cБлок-Принт
_d2024
215 _a151 с.
_cил., цв. ил., карта, портр., факс.
_d24
225 1 _aКнига в книге
333 _a12+
604 _1700#1$aЛесков$bН. С.$gНиколай Семенович$f1831 - 1895
_1500##$a"Левша"$jКомментарии$2nlr_sh2$3RU\NLR\AUTH\6601745064
_3RU\NLR\AUTH\6601745064
_aЛесков, Николай Семенович (1831 - 1895)
_t"Левша"
_jКомментарии
_92640721
686 2 _aШ5(2=Р)52-4Лесков
686 2 _aШ6(2=Р)52-4
700 1 _7ca
_8rus
_aЛесков
_bН. С.
_f1831-1895
_gНиколай Семенович
_9112020
_3RU\NLR\AUTH\772003
702 1 _4440
_7ca
_8rus
_aКузьмин
_bН. В.
_cхудожник
_f1890-1987
_gНиколай Васильевич
_938875
_3RU\NLR\AUTH\7755943
702 1 _aБаринова
_bО.
_gОксана
_4210
942 _cBOOK
980 _aNB